El Canal de Panamá y la acumulación del capital corporativo norteamericano /
El documento consiste en un estudio acerca del canal de Panamá y su relación con el capital colectivo Norteamericano. Este estudio se presento en el Seminario Centroamericano: "El imperialismo en C.A. y Panamá", llevado a cabo en Panamá en 1976.
Guardat en:
| Autor principal: | |
|---|---|
| Autor corporatiu: | |
| Format: | Actes de congresos |
| Idioma: | Spanish |
| Publicat: |
Panamá :
1976
|
| Matèries: | |
| Etiquetes: |
Afegir etiqueta
Sense etiquetes, Sigues el primer a etiquetar aquest registre!
|
MARC
| LEADER | 00000 a a2200000 04500 | ||
|---|---|---|---|
| 001 | 17729 | ||
| 003 | cru CIDCACS/IIS | ||
| 005 | 20230705112134.0 | ||
| 008 | 230321b1976 pn ||||| |||| 00| 0 spa d | ||
| 020 | |a Sin ISBN | ||
| 040 | |c CRAI IIS | ||
| 090 | |a 01.02.01 S471ca | ||
| 100 | |a Jované, Juan A. | ||
| 111 | |a Seminario Centroamericano "El imperialismo en Centro América y Panamá"] | ||
| 245 | |a El Canal de Panamá y la acumulación del capital corporativo norteamericano / |c Juan A. Jované | ||
| 260 | |a Panamá : |c 1976 | ||
| 300 | |a 15 p. | ||
| 500 | |a También EN: Anuario de Estudios Centroamericanos, No. 3, 1977, pp. 311-32 | ||
| 520 | |a El documento consiste en un estudio acerca del canal de Panamá y su relación con el capital colectivo Norteamericano. Este estudio se presento en el Seminario Centroamericano: "El imperialismo en C.A. y Panamá", llevado a cabo en Panamá en 1976. | ||
| 650 | |a PAISES EN DESARROLLO | ||
| 650 | |a PASISES DESARROLLADOS | ||
| 650 | |a GRUTOS DE INTERESES | ||
| 650 | |a INVERSION EXTRANJERA | ||
| 650 | |a IMPERIALISMO | ||
| 650 | |a MILITARISMO | ||
| 650 | |a CAPITALISMO | ||
| 942 | |2 ddc |c LITG | ||
| 999 | |c 3163 |d 3163 | ||
